Normal view MARC view
  • C.A., Loki

Entry Nombre Personal

Number of records used in: 3

001 - NUMERO DE CONTROL

  • campo de control: 50236

003 - IDENTIFICADOR DE NUMERO DE CONTROL

  • campo de control: MX-MxUPN

005 - FECHA Y HORA DE LA ÜLTIMA TRANSACCIÓN

  • campo de control: 20231011132441.0

008 - DATOS DE LONGITUD FIJA

  • campo de control de longitud fija: 231011nn annnnaabn n ana d

040 ## - FUENTE DE CATALOGACIÓN

  • Agencia original de catalogación: MX-MxUPN
  • Lenguaje de catalogación: spa

100 1# - ENCABEZAMIENTO - NOMBRE PERSONAL

  • Nombre personal: C.A., Loki

670 ## - FUENTE EN LA QUE SE LOCALIZARON DATOS

  • Cita de la fuente: Naturaleza venezolana, 2005 :
  • Información localizada: portada (Loki C.A. ilustraciones)

902 ## - CATALOGADOR

  • Catalogador: VíctorGodínez/111023